000 00887nam a2200253 i 4500
003 DO-SdBNP
005 20250714104532.0
007 ta
008 250606s2002 xxuo 000 0 spa d
040 _aDO-SdBNP
_bspa
_cBNPHU
_erda
082 4 _axxxx
_bM385
_222
100 1 _aMartínez Thedy, Clara
_eautora
_4aut.
_987997
245 1 0 _aCuerpos y formas /
_cClara Martínez Thedy ; presentación, Marianne de Tolentino
264 _aMiami, Estados Unidos :
_b[Gary Nader],
_c[2002].
300 _a[28] páginas ;
_bfotografías
_c28 cm.
336 _atexto
_btxt
_2rdacontent
337 _asin mediación
_bn
_2rdamedia
338 _avolumen
_bnc
_2rdacarrier
500 _aIncluye datos biográficos de la autora en las páginas 27-28.
590 _aInventariado, 2025/ YL
700 _aTolentino, Marianne de,
_d1951-
_973333
_epresentadora
_4pr.
910 _aYLockward
942 _2ddc
_cLF2
999 _c59155
_d59155